[Event "5th Open"]
[Site "Istanbul TUR"]
[Date "2006.09.02"]
[Round "4"]
[White "Karpatchev,A"]
[Black "Gvetadze,Sopi"]
[Result "1-0"]
[WhiteElo "2533"]
[BlackElo "2391"]

1.e4 d5 2.exd5 Qxd5 3.Nc3 Qd6 4.d4 Nf6 5.Nf3 a6 6.g3 Bg4 7.h3 Bxf3 8.Qxf3 c6
9.Be3 e6 10.O-O-O Be7 11.Kb1 Qd8 12.Bc1 Nbd7 13.g4 Rc8 14.g5 Nd5 15.Ne4 b5
16.h4 c5 17.dxc5 Qc7 18.h5 Nxc5 19.Nxc5 Qxc5 20.Bd3 b4 21.Rh4 Rb8 22.Bc4 Nb6
23.Be3 Qc8 24.Bb3 O-O 25.h6 g6 26.Rxb4 Qc7 27.Rxb6 Rxb6 28.Bxb6 Qxb6 29.Qc3 f6
30.Rd7 Rd8 31.Rxd8+ Bxd8 32.a3 Kf7 33.f4 Qd6 34.Qe3 Bc7 35.Ka2 a5 36.Qe4 Ke7
37.a4 fxg5 38.fxg5 Qe5 39.Qc6 Qd6 40.Qa8 Qd8 41.Qa6 Qd7 42.c3 Bd8 43.Qf1 Kd6
44.Qf4+ Kc6 45.Qe5 Kb7 46.Ka1 Ka7 47.Qg7 Qb7 48.Bxe6 Bxg5 49.Bd5 Qe7 50.Qd4+ Ka6
51.Bc4+ Kb7 52.Qd5+ Kb8 53.Qb5+ Kc8 54.Qxa5 Bxh6 55.Qa8+ Kc7 56.a5 Be3 57.a6 Qc5
58.Qb7+ Kd6 59.Qe4 Qe5 60.Qd3+ Kc7 61.Bd5 Bc5 62.Qc4 Kd6 63.Be4 Qg5 64.Ka2 Qe3
65.Qd5+ Ke7 66.Qe5+ Kd7 67.Qg7+ Kd6 68.Qf6+ Kd7 69.Bc6+ Kc7 70.Bd5 Kd7 71.Qc6+ Kd8
72.Qa8+ Ke7 73.Qb7+ Kd6 74.Qc6+ Ke5 75.Qe6+ Kf4 76.Qxe3+ Bxe3 77.b4 Ke5 78.Bf3 Kd6
79.c4 Kc7 80.c5 Kb8 81.Kb3 Ka7 82.Bb7 h5 83.Kc4 Bf4 84.b5 Bc7 85.Kd5  1-0

[Event "3rd Open"]
[Site "Kalamaria GRE"]
[Date "2006.09.02"]
[Round "4"]
[White "Managadze,N"]
[Black "Nikolaidis,I"]
[Result "0-1"]
[WhiteElo "2444"]
[BlackElo "2538"]

1.e4 d5 2.exd5 Qxd5 3.Nc3 Qd6 4.d4 Nf6 5.Nf3 c6 6.g3 Bg4 7.Bg2 e6 8.O-O Nbd7
9.a3 Qc7 10.Bf4 Bd6 11.Ne2 O-O 12.c4 Bxf4 13.Nxf4 e5 14.dxe5 Nxe5 15.Qb3 Bxf3
16.Bxf3 Qb6 17.Qc3 Qd4 18.Rac1 Rad8 19.h4 Ne4 20.Bxe4 Qxe4 21.f3 Qf5 22.Qc2 Qf6
23.Rce1 Rd4 24.Re4 Qf5 25.Re2 Qxc2 26.Rxc2 Rxc4 27.Rxc4 Nxc4 28.Re1 a5 29.Re7 b5
30.Rc7 Ne5 31.Kg2 Rd8 32.Ne2 h5 33.f4 Ng4 34.Rxc6 Rd2 35.Kf3 Rxb2 36.Nd4 Rd2
37.Ke4 Nf6+ 38.Ke3 Rg2 39.Kf3 Rd2 40.Ke3 Rd1 41.Nxb5 Ng4+ 42.Ke2 Rg1 43.Rc3 Rg2+
44.Kf3 Rd2 45.Ke4 g6 46.Rc8+ Kg7 47.Rc7 Nf6+ 48.Ke3 Rb2 49.Rb7 Ng4+ 50.Kd4 Nh6
51.Nd6 Rd2+ 52.Kc5 Rd3 53.Rb8 Rxa3 54.Ne8+ Kf8 55.Nd6+ Kg7 56.Ne8+ Kf8 57.Nd6+ Ke7
58.Rh8 Rc3+ 59.Kd4 Rc6 60.Nc8+ Kf6 61.Kd5 Rc3 62.Nd6 Rd3+ 63.Kc5 Nf5 64.Ne4+ Kg7
65.Ra8 Nxg3 66.Nd6 Rf3 67.Ne8+ Kh6  0-1

[Event "5th Kesarovski - Georgiev Mem"]
[Site "Sunny Beach BUL"]
[Date "2006.09.02"]
[Round "1"]
[White "Nikolov,Sas"]
[Black "Draganova,P"]
[Result "1-0"]
[WhiteElo "2358"]
[BlackElo "2045"]

1.e4 d5 2.exd5 Qxd5 3.Nc3 Qd8 4.Bc4 c6 5.Qf3 Nf6 6.h3 Nbd7 7.Bb3 Nc5 8.Nge2 Nxb3
9.axb3 Be6 10.Nf4 Bd5 11.Nfxd5 Nxd5 12.Nxd5 Qxd5 13.Qxd5 cxd5 14.c4 d4 15.d3 e5
16.Bd2 Bd6 17.Ke2 O-O 18.Ra5 Bc7 19.Rc5 Rac8 20.Ra1 Bb8 21.Raa5 Rxc5 22.Rxc5 Rd8
23.Rb5 b6 24.g4 f6 25.Kf3 Kf7 26.Ke4 Ke6 27.f4 Bd6 28.Rd5 g6 29.b4 f5+ 30.gxf5+ gxf5+
31.Kf3 Rg8 32.fxe5 Bxe5 33.Bf4 Bxf4 34.Kxf4 Rg2 35.Re5+ Kd6 36.Rxf5 Rxb2
37.b5 Re2 38.Rd5+ Ke6 39.Rxd4 Rh2 40.Kg3 Ra2 41.Kf3 Kf5 42.Rd5+ Kf6 43.Rd6+ Ke5
44.Rd7 h6 45.d4+ Kf5 46.Rd5+ Kf6 47.Kg4 Rc2 48.Rd6+ Kg7 49.Rc6 Rd2 50.d5 Rd4+
51.Kf5 Rh4 52.Rc7+ Kf8 53.d6 Rxh3 54.Rc8+ Kf7 55.d7  1-0

[Event "VIII Open"]
[Site "Sants ESP"]
[Date "2006.09.03"]
[Round "10"]
[White "Rodriguez,And URU"]
[Black "Ryan,Jo"]
[Result "1-0"]
[WhiteElo "2511"]
[BlackElo "2330"]

1.e4 d5 2.exd5 Qxd5 3.Nc3 Qd6 4.d4 Nf6 5.Bc4 a6 6.Nge2 b5 7.Bb3 Bb7 8.Bf4 Qd7
9.O-O e6 10.a4 b4 11.Nb1 Be7 12.Nd2 c5 13.Nc4 O-O 14.Qd3 cxd4 15.Ne5 Qc8
16.Nxd4 Nbd7 17.Qe2 Nd5 18.Bg3 Nc5 19.Bc4 Nb6 20.a5 Nd5 21.Rad1 Bd8 22.Nf5 exf5
23.Bxd5 Bxd5 24.Rxd5 Bxa5 25.Nc4 Qc6 26.Qe5 Nd7 27.Qd4 Nb6 28.Rc5 Rad8 29.Rxc6 Rxd4
30.Nxa5 Na4 31.Rxa6 f4 32.Nc6 Rc4 33.Rxa4  1-0

[Event "TCh-Serbia"]
[Site "Zlatibor SCG"]
[Date "2006.09.03"]
[Round "9"]
[White "Marinkovic,I"]
[Black "Milanovic,Da"]
[Result "0-1"]
[WhiteElo "2444"]
[BlackElo "2514"]

1.e4 d5 2.exd5 Qxd5 3.Nc3 Qd6 4.d4 Nf6 5.Bd3 Bg4 6.f3 Bh5 7.Nge2 Nc6 8.Nb5 Qd7
9.Bf4 Rc8 10.g4 Bg6 11.Bxg6 hxg6 12.c4 e6 13.Qd2 Bb4 14.Nbc3 Na5 15.b3 b5
16.c5 Nd5 17.O-O O-O 18.Rad1 Nc6 19.Be3 Rcd8 20.Qc1 Bxc3 21.Nxc3 Nxc3 22.Qxc3 Qd5
23.Rd2 f5 24.gxf5 gxf5 25.Re2 Rf6 26.Kh1 Rg6 27.Bf4 Rd7 28.Qe3 Kf7 29.h3 Kg8
30.Rd2 Kf7 31.Re2 Qxd4 32.Qxd4 Rxd4 33.Bxc7 Rd5 34.Bd6 e5 35.Kh2 Ke6 36.Rfe1 Kf6
37.Rf1 Rd3 38.Rfe1 Rd5 39.Rc1 f4 40.Rg1 Rxg1 41.Kxg1 Nd4 42.Rf2 a6 43.Kf1 Nf5
44.Ke2 g5 45.Rg2 Ng3+ 46.Ke1 e4 47.Rc2 exf3 48.Kf2 Rd3 49.Ke1 Ne4 50.Rc1 f2+  0-1

[Event "5th Kesarovski - Georgiev Mem"]
[Site "Sunny Beach BUL"]
[Date "2006.09.06"]
[Round "5"]
[White "Hald,J"]
[Black "Draganova,P"]
[Result "0-1"]
[WhiteElo "2199"]
[BlackElo "2045"]

1.e4 d5 2.exd5 Qxd5 3.Nc3 Qd8 4.d4 c6 5.Bc4 Bf5 6.Nf3 e6 7.Qe2 Be7 8.Bf4 Nf6
9.O-O O-O 10.Rad1 Re8 11.Rfe1 Nbd7 12.h3 Nb6 13.Bd3 Bxd3 14.Rxd3 Nbd5 15.Nxd5 Nxd5
16.Bh2 Bd6 17.Rdd1 Bxh2+ 18.Kxh2 Nf4 19.Qe4 Ng6 20.c4 Qd6+ 21.g3 Qb4 22.b3 h6
23.h4 a5 24.Re3 a4 25.h5 Nf8 26.Ne5 Nh7 27.Nxf7 Rf8 28.Ne5 Rxf2+ 29.Kg1 Ng5
30.Nd3 Qf8 31.Nxf2 Nxe4 32.Rxe4 axb3 33.axb3 Ra2 34.Rf4 Qa3 35.Rd3 Qc1+ 36.Kg2 Ra1
37.Rdf3 Qf1+ 38.Kh2 Ra3 39.Rf8+ Kh7 40.R8f7 b5 41.cxb5 Qxb5 42.g4 Rxb3 43.R3f4 Qg5
44.Nh3 Qh4  0-1

[Event "TCh-POL Extraliga"]
[Site "Ustron POL"]
[Date "2006.09.06"]
[Round "5"]
[White "Rutkowski,M"]
[Black "Cyborowski,L"]
[Result "1/2-1/2"]
[WhiteElo "2295"]
[BlackElo "2535"]

1.e4 d5 2.exd5 Qxd5 3.Nc3 Qd6 4.d4 Nf6 5.Bd3 a6 6.Nge2 Bg4 7.f3 Bh5 8.Bf4 Qd7
9.Ne4 Nc6 10.Nc5 Qc8 11.Ne4 e6 12.Nxf6+ gxf6 13.Be4 Ne7  1/2-1/2

[Event "3rd LGA Premium Cup"]
[Site "Nuernberg GER"]
[Date "2006.09.09"]
[Round "4"]
[White "Heidrich,M"]
[Black "Balinov,I"]
[Result "1-0"]
[WhiteElo "2405"]
[BlackElo "2454"]

1.e4 d5 2.exd5 Qxd5 3.Nc3 Qd6 4.Bc4 Nf6 5.d3 a6 6.Nge2 b5 7.Bb3 Bb7 8.f3 Nbd7
9.Bf4 Qb6 10.Qd2 e6 11.Be3 c5 12.a4 Be7 13.axb5 axb5 14.Rxa8+ Bxa8 15.O-O O-O
16.Ra1 Bc6 17.Bf2 Qb7 18.Qc1 Nb6 19.Nd1 Nfd5 20.c3 Rd8 21.Bc2 h6 22.d4 Bg5
23.f4 Nxf4 24.Nxf4 Nd5 25.Bg3 cxd4 26.cxd4 Qb6 27.Nxd5 Rxd5 28.Ne3 Qxd4 29.Bf2 Rc5
30.Qe1 Qxb2 31.Rb1 Qe5 32.Rb3 f5 33.Qb1 f4 34.Nd1 Rd5 35.Nc3 Rd2 36.Be4 Bxe4
37.Nxe4 Re2 38.Nxg5 hxg5 39.Rxb5 Qe4 40.Qxe4 Rxe4 41.Rxg5 Kf7 42.Ra5 e5 43.h4 g6
44.Bb6 Kf6 45.Bd8+ Kf7 46.Bg5 Ke6 47.Ra6+ Kf5 48.Rf6+ Kg4 49.Rxg6 Re1+ 50.Kf2 Rh1
51.Rf6 Ra1 52.Rf8 Ra2+ 53.Kf1 Ra1+ 54.Ke2 Ra2+ 55.Kd3 Rxg2 56.Bf6 f3 57.Bxe5 Kxh4
58.Rxf3 Kg4 59.Rf8 Ra2 60.Bd4 Ra6 61.Ke4 Rg6 62.Rf1 Re6+ 63.Be5 Rg6 64.Bf6 Kh5
65.Kf5 Rg5+ 66.Ke6 Rg6 67.Kf5 Rg2 68.Rf4 Rh2 69.Bd8 Rh1 70.Bg5 Rh3 71.Bf6 Rh1
72.Ke6 Kg6 73.Rg4+ Kh5 74.Rg5+ Kh6 75.Kf7 Rb1 76.Re5 Rb7+ 77.Be7 Rb6 78.Bf8+  1-0

[Event "3rd LGA Premium Cup"]
[Site "Nuernberg GER"]
[Date "2006.09.09"]
[Round "4"]
[White "Wilfert,A"]
[Black "Heinzel,O"]
[Result "0-1"]
[WhiteElo "2108"]
[BlackElo "2384"]

1.e4 d5 2.exd5 Qxd5 3.Nc3 Qd6 4.Nf3 Nf6 5.d4 a6 6.h3 b5 7.a3 Bb7 8.Be2 e6
9.O-O Nbd7 10.Be3 Be7 11.Nd2 Nb6 12.Bf3 Bxf3 13.Qxf3 O-O 14.Nde4 Nxe4 15.Nxe4 Qd5
16.Nd2 Rfd8 17.Qxd5 Nxd5 18.c4 Nxe3 19.fxe3 c5 20.cxb5 cxd4 21.exd4 axb5
22.Nf3 Bf6 23.Rac1 Bxd4+ 24.Nxd4 Rxd4 25.Rc7 Rf8 26.Rb7 Rd5 27.Rf4 h6 28.Rb4 Rc8
29.R4xb5 Rc1+ 30.Kh2 Rd2 31.Rb3 Rcc2 32.Rb8+ Kh7 33.Rg3 Rxb2 34.Rxb2 Rxb2
35.Rf3 f6 36.Kg3 Kg6 37.a4 Ra2 38.Rf4 f5 39.Rb4 Ra3+ 40.Kf2 Kf6 41.Ke2 g5
42.Kf2 h5 43.Rc4 f4 44.h4 e5 45.Rc6+ Kf5 46.hxg5 Kxg5 47.Re6 Kf5 48.Rh6 Rxa4
49.Rxh5+ Ke4 50.Rh3 Ra2+ 51.Kf1 Kd4 52.Rh8 e4 53.Rh4 Ke3 54.Rh3+ f3 55.gxf3 exf3
56.Kg1 Ra1+ 57.Kh2 Ke2 58.Rh6 f2 59.Re6+ Kd3  0-1

[Event "Mitropa Cup Women"]
[Site "Brno CZE"]
[Date "2006.09.10"]
[Round "4"]
[White "Blazkova,P"]
[Black "Gheorghe,C"]
[Result "1/2-1/2"]
[WhiteElo "2173"]
[BlackElo "2257"]

1.e4 d5 2.exd5 Qxd5 3.Nc3 Qd8 4.Bc4 Nf6 5.Nf3 a6 6.Ne5 e6 7.d4 c5 8.Be3 cxd4
9.Bxd4 Nbd7 10.Qe2 Nxe5 11.Bxe5 Bd7 12.O-O Be7 13.Rad1 Qc8 14.Ne4 Nxe4 15.Qxe4 Qc6
16.Qd4 f6 17.Bd6 e5 18.Qd3 Bxd6 19.Qxd6 Qxd6 20.Rxd6 Ke7 21.Rfd1  1/2-1/2

[Event "ProMoPro Open"]
[Site "Prague CZE"]
[Date "2006.09.10"]
[Round "2"]
[White "Framberk,J"]
[Black "Londyn,R"]
[Result "0-1"]
[WhiteElo "2089"]
[BlackElo "2301"]

1.e4 d5 2.exd5 Qxd5 3.Nc3 Qd6 4.d4 Nf6 5.Nf3 a6 6.Be2 e6 7.Bg5 Nbd7 8.a4 b6
9.O-O Bb7 10.Re1 Be7 11.Qd2 O-O 12.Ne5 Nxe5 13.dxe5 Qxd2 14.Bxd2 Nd5 15.Nxd5 Bxd5
16.Bc3 a5 17.Rad1 Rfd8 18.Bf3 Bxf3 19.gxf3 g5 20.Kg2 Kg7 21.Kg3 Kg6 22.f4 Kf5
23.fxg5 Bxg5 24.Kf3 h5 25.h3 Rxd1 26.Rxd1 Rd8 27.Rg1 Rd7 28.Re1 Rd8 29.Rg1 Rd5
30.h4 Bxh4 31.Rg7 Rd7 32.Rh7 Kg6 33.Rh8 Rd8 34.Rxd8 Bxd8 35.Kg3 Kf5 36.f3 Bg5
37.b3 Bf4+ 38.Kh4 Bxe5 39.Be1 Kg6 40.Bd2 f5  0-1

[Event "EU-chG18"]
[Site "Herceg Novi MNE"]
[Date "2006.09.11"]
[Round "2"]
[White "Gasik,An"]
[Black "Ivanova,T"]
[Result "1-0"]
[WhiteElo "2068"]
[BlackElo "2158"]

1.e4 d5 2.exd5 Qxd5 3.Nc3 Qd6 4.d4 Nf6 5.Nf3 a6 6.Bc4 Bg4 7.h3 Bh5 8.Be3 Nc6
9.g4 Bg6 10.Qe2 e6 11.O-O-O O-O-O 12.d5 exd5 13.Nxd5 Nxd5 14.Bxd5 f6 15.Qc4 Qb4
16.Be6+ Kb8 17.Qxc6 Rxd1+ 18.Rxd1 Bd6 19.Qc4 Qxc4 20.Bxc4 h5 21.Nh4 Be4 22.Nf5 Bf3
23.Nxd6 cxd6 24.Rg1 hxg4 25.hxg4 Rh4 26.Be6 Kc7 27.Kd2 Kc6 28.g5 Re4 29.Bf7 f5
30.Rg3 Bh1 31.Rh3 Bg2 32.Rh2 Bf1 33.f3 Re5 34.c4 b5 35.Bd5+ Kc7 36.b3  1-0

[Event "3rd Szeged Cup"]
[Site "Szeged HUN"]
[Date "2006.09.11"]
[Round "3"]
[White "Vajda,S"]
[Black "Schneider,Ve"]
[Result "1/2-1/2"]
[WhiteElo "2396"]
[BlackElo "2195"]

1.e4 d5 2.exd5 Qxd5 3.Nc3 Qd6 4.d4 Nf6 5.Nf3 c6 6.Ne5 Nbd7 7.Nc4 Qc7 8.Qf3 Nb6
9.Ne5 Be6 10.Bf4 Nbd5 11.Nxd5 Bxd5 12.Qe2 Qb6 13.c3 g6 14.f3 Bg7 15.Be3 O-O
16.g4 Rad8 17.g5 Nd7 18.Nxd7 Rxd7 19.Bh3 Rdd8 20.O-O f5 21.f4 Qc7 22.Bg2 Bf7
23.Rfe1 Rfe8 24.Qf2 Qa5 25.a4 Bb3 26.Ra3 Bc4 27.b4 Qc7 28.a5 e6 29.Bf1 Bxf1
30.Qxf1 Qd6 31.Ra2 Qd5  1/2-1/2

[Event "5th Open"]
[Site "Izmir TUR"]
[Date "2006.09.15"]
[Round "6"]
[White "Karpatchev,A"]
[Black "Bashkite,V"]
[Result "1-0"]
[WhiteElo "2533"]
[BlackElo "2239"]

1.e4 d5 2.exd5 Qxd5 3.Nc3 Qd6 4.d4 Nf6 5.Nf3 a6 6.g3 Bg4 7.h3 Bf5 8.Bg2 Nc6
9.O-O O-O-O 10.a3 Qd7 11.d5 Qe8 12.Nd4 Nxd4 13.Qxd4 e5 14.Qa7 Bd6 15.Qa8+ Kd7
16.Qxb7 Ra8 17.f4 Qc8 18.Qxc8+ Kxc8 19.fxe5  1-0

[Event "ch-EU"]
[Site "Liverpool ENG"]
[Date "2006.09.15"]
[Round "10"]
[White "Sulskis,S"]
[Black "Jones,G"]
[Result "1/2-1/2"]
[WhiteElo "2514"]
[BlackElo "2416"]

1.e4 d5 2.exd5 Qxd5 3.Nc3 Qd6 4.d4 Nf6 5.Nf3 a6 6.g3 Bg4 7.h3 Bxf3 8.Qxf3 c6
9.Bc4 e6 10.Qe2 Be7 11.Bf4 Qd8 12.O-O-O O-O 13.Kb1 Nd5 14.Ne4 Nd7 15.h4 N7f6
16.Be5 b5 17.Bd3 Nb4 18.Ng5 h6 19.a3 Nxd3 20.Qxd3 Re8 21.g4 Qd5 22.Bxf6 Bxf6
23.Qh7+ Kf8 24.Ne4 Ke7 25.Nxf6 gxf6 26.Qxh6 Qf3 27.Qd2 Qxg4 28.h5 Rh8 29.h6 Kd7
30.Rdg1 Qe4 31.Rh3 Rh7 32.Re1 Qg6 33.Qe3 Qg5 34.f4 Qd5 35.Reh1 Kc7 36.Rh5 f5
37.R5h3 Rd8 38.c3 Qe4+ 39.Qxe4 fxe4 40.f5 exf5 41.Rf1 Rd6 42.Rxf5 Rdxh6 43.Rxf7+ Rxf7
44.Rxh6 Rf1+ 45.Kc2 Rf2+ 46.Kc1 e3 47.Re6 Re2 48.b4 Kd7  1/2-1/2

[Event "ch-EU"]
[Site "Liverpool ENG"]
[Date "2006.09.15"]
[Round "10"]
[White "Brandenburg,D"]
[Black "Galego,L"]
[Result "0-1"]
[WhiteElo "2392"]
[BlackElo "2528"]

1.e4 d5 2.exd5 Qxd5 3.Nc3 Qd6 4.d4 Nf6 5.Nf3 a6 6.g3 Bg4 7.Bg2 e6 8.O-O Nc6
9.Bf4 Qd7 10.h3 Bxf3 11.Qxf3 Bd6 12.Bg5 Be7 13.Rad1 Nd5 14.Bxe7 Ncxe7 15.Ne4 c6
16.c4 Nc7 17.Ng5 O-O 18.Qd3 Nf5 19.d5 cxd5 20.cxd5 h6 21.Ne4 Nxd5 22.Nc5 Qc6
23.Bxd5 Qxc5 24.Bxb7 Rab8 25.Bxa6 Rxb2 26.a4 Rb4 27.Bb5 Nd4 28.Rb1 Rxb1 29.Rxb1 Qd5
30.Rd1 Rd8 31.f3 Nxf3+ 32.Kf2 Nd4 33.Qe3 e5 34.Bf1 Qa5 35.Bb5 Qc7 36.Rc1 Qd6
37.Bf1 Nf5 38.Qc3 e4 39.Qc7 e3+ 40.Kg1 Qxc7 41.Rxc7 Nxg3 42.Bc4 Rd1+ 43.Kg2 e2
44.Rxf7 e1=Q 45.Rf1+ Kh7 46.Rxe1 Rxe1 47.Kxg3 Re3+ 48.Kf2 Ra3  0-1

[Event "3rd Szeged Cup"]
[Site "Szeged HUN"]
[Date "2006.09.15"]
[Round "7"]
[White "Medvegyne Balogh,E"]
[Black "Szonyi,K"]
[Result "1/2-1/2"]
[WhiteElo "2145"]
[BlackElo "2100"]

1.e4 d5 2.exd5 Qxd5 3.Nc3 Qd6 4.d4 Nf6 5.Nf3 a6 6.h3 b5 7.Bd3 Bb7 8.Be3 e6
9.O-O Nbd7 10.Ng5 Be7 11.Qe2 c5 12.dxc5 Nxc5 13.Bxc5 Qxc5 14.Nge4 Qc7 15.Rab1 Nxe4
16.Bxe4 O-O 17.Rfd1 Rac8 18.Bxb7 Qxb7 19.Ne4 Qc6 20.c3 Rfd8 21.Qe3 h6 22.a3 Rd5
23.Rxd5 Qxd5 24.Ng3 Bc5 25.Qe4 Qd2 26.Qe2 Qxe2 27.Nxe2 Rd8 28.Kf1 Kf8 29.Ke1 e5
30.Ng3 g6 31.Ne4 Bb6 32.f3 Ke7 33.Ke2 Ke6 34.a4 f5 35.Nd2 Kd5  1/2-1/2

[Event "3rd Szeged Cup"]
[Site "Szeged HUN"]
[Date "2006.09.17"]
[Round "9"]
[White "Muzychuk,A"]
[Black "Gara,A"]
[Result "1-0"]
[WhiteElo "2456"]
[BlackElo "2349"]

1.e4 d5 2.exd5 Qxd5 3.Nc3 Qd6 4.d4 Nf6 5.Nf3 a6 6.g3 Bg4 7.Bg2 Nc6 8.O-O O-O-O
9.Bf4 Qb4 10.a3 Qc4 11.d5 e6 12.dxc6 Rxd1 13.cxb7+ Kb8 14.Rfxd1 Bd6 15.Bxd6 cxd6
16.Rxd6 Qc7 17.Rad1 Nd5 18.Nxd5 Qxd6 19.Ne3 Qb6 20.Nxg4 Rd8 21.Rxd8+ Qxd8
22.Ne3 Kxb7 23.Kf1 Qb6 24.Nc4 Qc5 25.b3 Kc7 26.Ke2 f6 27.a4 a5 28.h4 e5 29.Ne1 Qb4
30.Ne3 Kd6 31.Nd3 Qc3 32.h5 g6 33.hxg6 hxg6 34.g4 Qd4 35.g5 e4 36.Nc4+ Ke6
37.Nf4+ Kf5 38.Nh3 fxg5 39.Ne3+ Kf6 40.f3 Qd7 41.Nf2 Ke5 42.fxe4 Kf4 43.Nd3+ Kg3
44.e5 Qh7 45.e6 Kh4 46.Ne5 Kg3 47.Bd5 Qh2+ 48.Kd3 Qh8 49.Nc6 Kf4 50.e7 Qe8
51.Be6 Kf3 52.Nd5 Qxc6 53.Bf7 Qa6+ 54.c4 Qb7 55.e8=Q Qxb3+ 56.Nc3  1-0

[Event "XVI WSen"]
[Site "Arvier ITA"]
[Date "2006.09.19"]
[Round "8"]
[White "Klundt,K"]
[Black "Malmdin,N"]
[Result "1-0"]
[WhiteElo "2380"]
[BlackElo "2218"]

1.e4 d5 2.exd5 Qxd5 3.Nc3 Qd6 4.d4 Nf6 5.Nf3 a6 6.Bg5 Bg4 7.h3 Bh5 8.Qd2 Nc6
9.O-O-O Bxf3 10.gxf3 O-O-O 11.d5 Nb4 12.Qe3 Nfxd5 13.Nxd5 Nxd5 14.Qa7 Qc6
15.Bd3 g6 16.Be4 Rd6 17.Rxd5 Rxd5 18.Bxd5  1-0

[Event "TCh-NED 2006-7"]
[Site "Netherlands NED"]
[Date "2006.09.23"]
[Round "1"]
[White "Klip,H"]
[Black "Martens,M"]
[Result "1/2-1/2"]
[WhiteElo "2373"]
[BlackElo "2404"]

1.e4 d5 2.Nc3 dxe4 3.Nxe4 Qd5 4.Nc3 Qd8 5.d4 Nf6 6.h3 e6 7.Be3 a6 8.Bd3 Nbd7
9.Qf3 c5 10.O-O-O Qa5 11.d5 Ne5 12.Qg3 Nxd3+ 13.Rxd3 c4 14.Rd1 exd5 15.Bf4 Be6
16.Bc7 Qb4 17.Nf3 g6 18.Kb1 Bg7 19.Nd4 O-O  1/2-1/2

[Event "Tatry Open"]
[Site "Tatranske Zruby SVK"]
[Date "2006.09.24"]
[Round "2"]
[White "Janos,I"]
[Black "Kantorik,M"]
[Result "0-1"]
[WhiteElo "2133"]
[BlackElo "2330"]

1.e4 d5 2.exd5 Qxd5 3.Nc3 Qd6 4.Nf3 Nf6 5.d4 Bg4 6.h3 Bh5 7.Bc4 e6 8.Qe2 c6
9.g4 Bg6 10.Ne5 Qxd4 11.Nxg6 hxg6 12.Be3 Qxg4 13.hxg4 Rxh1+ 14.Kd2 Rxa1 15.g5 Ng8
16.Nb5 cxb5 17.Bxb5+ Nc6 18.Bxc6+ bxc6 19.Qa6 Ne7 20.c4 f6 21.b4 Kf7 22.Kc2 Rd8
23.Qxa7 Kg8 24.Bb6 Rdd1 25.Bc5 Kf7 26.b5 Rac1+ 27.Kb3 cxb5 28.cxb5 Rd5 29.Bxe7 Bxe7
30.a4 Rdc5 31.b6 Rb1+ 32.Ka2 Rb4 33.a5 Rc2+ 34.Ka1 Rcb2  0-1

[Event "Tatry Open"]
[Site "Tatranske Zruby SVK"]
[Date "2006.09.25"]
[Round "3"]
[White "Manik,M"]
[Black "Garancovsky,P"]
[Result "1-0"]
[WhiteElo "2460"]
[BlackElo "2151"]

1.e4 d5 2.exd5 Qxd5 3.Nc3 Qd6 4.d4 Nf6 5.Nf3 Bg4 6.h3 Bh5 7.g4 Bg6 8.Ne5 c6
9.Bf4 Qb4 10.Nc4 Ne4 11.a3 Nxc3 12.axb4 Nxd1 13.Nb6  1-0

[Event "Tatry Open"]
[Site "Tatranske Zruby SVK"]
[Date "2006.09.25"]
[Round "4"]
[White "Sejkora,V"]
[Black "Kantorik,M"]
[Result "1/2-1/2"]
[WhiteElo "2198"]
[BlackElo "2330"]

1.e4 d5 2.exd5 Qxd5 3.Nc3 Qd6 4.d4 Nf6 5.Be2 a6 6.Nf3 Bg4 7.h3 Bh5 8.Be3 Nc6
9.Qd2 O-O-O 10.O-O-O e6 11.a3 Be7 12.Rhe1 Nd5 13.Nxd5 Qxd5 14.c4 Qd7 15.Qc3 Bxf3
16.Bxf3 Bf6 17.Qb3 Na5 18.Qc2 Nc6 19.d5 Ne5 20.dxe6 Qxe6 21.Bd5 Qe7 22.f4 Nd7
23.g4 Bh4 24.Bf2 Qf6 25.Bxh4 Qxh4 26.Bxf7 Kb8 27.Bd5 Qxh3 28.Qf2 Rhf8 29.Be6 Nb6
30.c5 Rxd1+ 31.Rxd1 Nc8 32.c6 b6 33.Qe2 b5 34.Bxc8 Rxc8 35.a4 Qb3 36.axb5 Qxb5
37.Qe6 Rf8 38.g5 Qc5+ 39.Kb1  1/2-1/2

[Event "Bygger'n Masters"]
[Site "Gausdal NOR"]
[Date "2006.09.27"]
[Round "4"]
[White "Reppen,S"]
[Black "Levin,F"]
[Result "0-1"]
[WhiteElo "2071"]
[BlackElo "2500"]

1.e4 d5 2.exd5 Qxd5 3.Nc3 Qd6 4.d4 Nf6 5.Nf3 a6 6.g3 Nc6 7.Bg2 Bg4 8.d5 Ne5
9.Bf4 Nxf3+ 10.Bxf3 Bxf3 11.Qxf3 e5 12.Bg5 Nd7 13.O-O-O Qg6 14.Bd2 f5 15.Rhe1 O-O-O
16.Qe2 Bd6 17.Kb1 h5 18.h4 e4 19.Bg5 Rde8 20.f4 Bb4 21.Qc4 Qd6 22.a3 Bc5
23.Re2 Ba7 24.b4 Nf6 25.Bxf6 gxf6 26.Rg2 Rhg8 27.Ne2 e3 28.Qd3 a5 29.Qxf5+ Kb8
30.c3 axb4 31.axb4 c5 32.Qd3 cxb4 33.c4 Rc8 34.Rc1 Qc5 35.Kb2 Rgd8 36.Ng1 Rd6
37.Kb3 Rxd5 38.Qxd5 Qxd5 39.cxd5 Rxc1 40.Ne2 Rb1+ 41.Kc2 Rf1 42.Rg1 Rxg1
43.Nxg1 f5 44.Kb3 Bc5 45.Ne2 Kc7 46.Kc4 Kd6 47.Nc1 b5+ 48.Kd3 Kxd5  0-1

[Event "1st TCH-MNE"]
[Site "Herceg Novi MNE"]
[Date "2006.09.27"]
[Round "6"]
[White "Brajovic,R"]
[Black "Sibarevic,M"]
[Result "0-1"]
[WhiteElo "2279"]
[BlackElo "2342"]

1.e4 d5 2.exd5 Qxd5 3.Nc3 Qd6 4.d4 a6 5.Bc4 e6 6.a4 Qc6 7.Bf1 Bb4 8.Bd2 Nf6
9.Nf3 O-O 10.Bd3 b6 11.O-O Bb7 12.Re1 Nbd7 13.Ne4 Bxd2 14.Qxd2 Rab8 15.Ne5 Qd5
16.c4 Nxe4 17.cxd5 Nxd2 18.Nxd7 Bxd5 19.Nxb8 Rxb8 20.b4 a5 21.b5 Nb3 22.Rad1 Rd8
23.Re3 c5 24.dxc5 Nxc5 25.Bc2 g6 26.f4 h5 27.Bb3 Nxb3 28.Rxb3 Rc8 29.Rbd3 Kf8
30.Kf2 Ke7 31.g3 Rc4 32.Rd4 Rc2+ 33.R1d2 Rc3 34.Ke1 Kd6 35.R2d3 Rc1+ 36.Kd2 Rh1
37.Rc4 Rxh2+ 38.Kc1 Ke7 39.Rc8 h4 40.Rb8 h3 41.Rh8 Ra2 42.Rxh3 Rxa4 43.Rd2 Rb4
44.Rb2 Bb3 45.Rh8 Rxb5 46.Ra8 a4 47.Kd2 g5 48.Ra7+ Kf6 49.Kc3 gxf4 50.gxf4 Rc5+
51.Kb4 Rc4+ 52.Kb5 Rxf4 53.Kxb6 e5 54.Kc5 Kf5 55.Rb7 Rc4+ 56.Kd6 Rd4+ 57.Ke7 e4
58.Rf2+ Ke5 59.Kf8 e3 60.Re7+ Be6 61.Rfxf7 Rd8+ 62.Kg7 e2 63.Rf6 Rg8+  0-1

[Event "15th TCh-CRO"]
[Site "Sibenik CRO"]
[Date "2006.09.27"]
[Round "6"]
[White "Rogulj,B"]
[Black "Pavkovic,M"]
[Result "1-0"]
[WhiteElo "2413"]
[BlackElo "2200"]

1.e4 d5 2.exd5 Qxd5 3.Nc3 Qd6 4.d4 Nf6 5.Nf3 c6 6.h3 Bf5 7.Bc4 e6 8.O-O Nbd7
9.Bb3 Qc7 10.Ne2 Bd6 11.c4 O-O 12.c5 Be7 13.Bf4 Qd8 14.Ng3 Bg6 15.Rc1 Re8
16.Re1 Nd5 17.Bxd5 exd5 18.Qb3 Qc8 19.Re3 Nf8 20.Nf1 Ne6 21.Be5 Bd8 22.N1d2 f6
23.Bd6 Bc7 24.Bxc7 Qxc7 25.Rce1 Nf4 26.Rxe8+ Rxe8 27.Rxe8+ Bxe8 28.Ne4 Bh5
29.Nd6 Bxf3 30.Qxf3 Ng6 31.Qf5 Nf8 32.b4 Qe7 33.Kf1 b6 34.Qc8 bxc5 35.bxc5 Qd7
36.Qxd7 Nxd7 37.Nc8 Kf7 38.Nxa7 Nb8 39.Ke2 Ke6 40.Nc8 Nd7 41.Kd3 Nb8 42.Nd6 Kd7
43.Nf5 g6 44.Ne3 Kc7 45.g4 Nd7 46.h4 Nf8 47.Ng2 Ne6 48.Ke3 h6 49.Nf4 Nf8
50.h5 gxh5 51.Nxh5 Nd7 52.Ng7 Nb8 53.Ne8+  1-0

[Event "15th TCh-CRO"]
[Site "Sibenik CRO"]
[Date "2006.09.29"]
[Round "8"]
[White "Rogic,D"]
[Black "Muse,D"]
[Result "1-0"]
[WhiteElo "2494"]
[BlackElo "2407"]

1.e4 d5 2.exd5 Qxd5 3.Nc3 Qd6 4.d4 Nf6 5.Nf3 c6 6.Ne5 Be6 7.Bf4 Qb4 8.a3 Qa5
9.Bc4 Bxc4 10.Nxc4 Qd8 11.O-O e6 12.Re1 Be7 13.Qd3 O-O 14.Rad1 Nd5 15.Bg3 Nxc3
16.Qxc3 Nd7 17.Na5 Qc8 18.b4 Nf6 19.Qf3 Qd7 20.Be5 Rac8 21.h3 b6 22.Nb3 Qd5
23.Qe2 Qb5 24.Rd3 Rfd8 25.Qd2 Nd7 26.Bg3 Bf6 27.Qe2 Nf8 28.Qe3 Qc4 29.Rc1 Qa6
30.Nd2 c5 31.dxc5 bxc5 32.bxc5 Bb2 33.Rb1 Rxd3 34.cxd3 Bf6 35.d4 Ng6 36.Ne4 Ne7
37.Nd6 Rf8 38.Be5 Nd5 39.Qf3 Bxe5 40.dxe5 Qc6 41.Rb7 Qxc5 42.Rxf7 Rb8 43.Qg4 Qc1+
44.Kh2 Qh6 45.Rf6  1-0

[Event "14th Open Valle d'Aosta"]
[Site "Saint Vincent ITA"]
[Date "2006.10.01"]
[Round "2"]
[White "Piscopo,P"]
[Black "Labarthe,A"]
[Result "1-0"]
[WhiteElo "2393"]
[BlackElo "2044"]

1.e4 d5 2.exd5 Qxd5 3.Nc3 Qd8 4.d4 Nf6 5.Bc4 c6 6.Nf3 Bf5 7.Ne5 e6 8.g4 Bg6
9.h4 Bb4 10.a3 Bxc3+ 11.bxc3 Be4 12.f3 Bd5 13.Bd3 b5 14.a4 Nbd7 15.axb5 Nxe5
16.dxe5 Qc7 17.Qe2 Nd7 18.O-O cxb5 19.Bxb5 O-O 20.c4 Bc6 21.Ba3 Bxb5 22.cxb5 Rfc8
23.Bd6 Qxc2 24.Qxc2 Rxc2 25.Rfc1 Rxc1+ 26.Rxc1 f6 27.exf6 gxf6 28.Rc7 Nb6
29.g5 Nd5 30.Rb7 fxg5 31.hxg5 a5 32.Be5 a4 33.Rg7+ Kf8 34.Rxh7 Rd8 35.Rh8+ Ke7
36.Bf6+ Nxf6 37.gxf6+ Kd7 38.Rxd8+ Kxd8 39.f7  1-0

[Event "7th Veselin Boskovic Mem Op"]
[Site "Beograd SRB"]
[Date "2006.10.03"]
[Round "2"]
[White "Sarenac,D"]
[Black "Milanovic,Da"]
[Result "0-1"]
[WhiteElo "2205"]
[BlackElo "2477"]

1.e4 d5 2.exd5 Qxd5 3.Nc3 Qd6 4.d4 Nf6 5.Nf3 a6 6.g3 b5 7.Bg2 Bb7 8.O-O e6
9.Bf4 Qb6 10.a4 Bd6 11.Be3 Nd5 12.Nxd5 Bxd5 13.axb5 Qxb5 14.b3 Qb7 15.c4 Be4
16.Bg5 Bb4 17.d5 exd5 18.cxd5 O-O 19.Nh4 Bxg2 20.Nxg2 Nd7 21.Qd4 Rfe8 22.Rac1 Bd6
23.Bf4 Qxb3 24.Bxd6 cxd6 25.Ne3 Ne5 26.f4 Nd7 27.Nf5 Nf6 28.Rfd1 Re2 29.Re1 Qf3
30.Rxe2 Qxe2 31.Qc3 Re8 32.Nxd6 Ng4 33.Qc2 Qxc2 34.Rxc2 Re1+  0-1

[Event "14th Open Valle d'Aosta"]
[Site "Saint Vincent ITA"]
[Date "2006.10.05"]
[Round "6"]
[White "Godena,M"]
[Black "Tiviakov,S"]
[Result "0-1"]
[WhiteElo "2528"]
[BlackElo "2668"]

1.e4 d5 2.exd5 Qxd5 3.Nc3 Qd6 4.d4 Nf6 5.Nf3 c6 6.g3 Bg4 7.Bg2 e6 8.O-O Be7
9.Re1 O-O 10.Ne4 Nxe4 11.Rxe4 Bf5 12.Re1 Nd7 13.c3 Qc7 14.Bf4 Bd6 15.Bxd6 Qxd6
16.Nh4 Bg6 17.Nxg6 hxg6 18.Qb3 Rab8 19.Rad1 Rfe8 20.Qa4 Qc7 21.c4 Nb6 22.Qa5 Rbd8
23.b3 a6 24.Bf3 Re7 25.h4 Red7 26.h5 gxh5 27.Qxh5 Rxd4 28.Rxd4 Rxd4 29.Rxe6 Qd8
30.Re4 g6 31.Qa5 Rxe4 32.Bxe4 Qd4 33.Bf3 Kg7 34.Kg2 Nc8 35.Qc7 Nd6 36.Qd7 a5
37.Qd8 Qd2 38.c5 Ne4 39.Qxd2 Nxd2 40.Bg4 Ne4 41.Kf3 f5 42.Ke3 Nxc5 43.Bf3 Kf6
44.Bg2 g5 45.Kd4 Ne6+ 46.Kc4 Ke5 47.a4 Kd6 48.Bh3 g4 49.Bf1 Ke5 50.Bg2 Nd4
51.b4 b5+ 52.Kd3 axb4 53.a5 b3 54.Kc3 Kd6 55.a6 Kc7 56.Bf1 c5 57.Bg2 Kb6  0-1